British Railway Stations Quiz Roblox - Statistics

General Stats
  • This quiz has been taken 41 times
    13 since last reset
  • The average score is 35 of 48
Answer Stats
Answer % Correct
Astley
100%
Fayre
100%
Freston Junction
100%
Leaton
100%
Norrington
100%
Arkley
83%
Ashby-in-Kirkside
83%
Ashdean
83%
Belmond Green
83%
Broomfield
83%
Cuffley
83%
Hulme Heath
83%
Ive
83%
Palmers Way
83%
Rosebury Park
83%
Victoria Docks
83%
Victoria Harbour
83%
Wallsend
83%
Abbey Road
67%
Ashdean Bridge
67%
Avonhill
67%
Bawtry Road
67%
Eldford
67%
Elmtree House
67%
Fleetwood
67%
Forestdale
67%
Fortis Green
67%
Henley Park
67%
Longbow
67%
Longbow Beach
67%
Meryon
67%
Mill Bridge
67%
Newhurst
67%
Northcote
67%
Osidge Hill
67%
Russell Lane
67%
Stirling Street
67%
Stonebrook Town
67%
Syde-on-Sea
67%
Thornfield
67%
Union Street
67%
West Norrington
67%
Bramleigh
50%
Brynmouth
50%
Cressford
50%
Rowton
50%
Saltcombe
50%
Whetstone
50%
No matching quizzes found
Score Distribution
Percent of People with Each Score
Percentile by Number Answered
Your Score History
You have not taken this quiz since the last reset